Álgebra y análisis de funciones elementales
| Main Authors: | , , |
|---|---|
| Format: | Section = Libro |
| Language: | Undetermined Spanish |
| Published: |
Moscú
Mir Moscú
1986
|
| Subjects: |
| LEADER | 00578nam a2200217Ia 4500 | ||
|---|---|---|---|
| 008 | 241007s9999||||xx |||||||||||||| ||und|| | ||
| 040 | |a BIBLIOTECA-RURC/ 512 P859 | ||
| 041 | |a spa | ||
| 082 | |a 512 P859 | ||
| 100 | 1 | |a Alexándrov, V. | |
| 100 | 1 | |b Potápov, M. | |
| 100 | 1 | |c Pasichenko, P. | |
| 245 | 1 | 0 | |a Álgebra y análisis de funciones elementales |
| 260 | |a Moscú |b Mir Moscú |c 1986 | ||
| 300 | |a 591 P. :il. | ||
| 650 | 7 | |a NÚMEROS REALES | |
| 650 | 7 | |b EXPRESIONES ALGEBRAICAS | |
| 650 | 7 | |c ECUACIONES ALGEBRAICAS. | |
| 942 | |c BK |2 ddc | ||
| 991 | |a TEXTO | ||
| 999 | |c 14340 | ||